| 000 | 00000nam 2200000za 4500 |
| 001 | 9.696713 |
| 003 | CaOODSP |
| 005 | 20210624235146 |
| 007 | cr ||||||||||| |
| 008 | 150407|2013||||xxc|||||o f|0| 0 eng d |
| 020 | |a978-1-100-21321-7 |
| 040 | |aCaOODSP|beng |
| 043 | |an-cn--- |
| 086 | 1 |aCS92-179/2011E-PDF |
| 245 | 00|aForward sortation area boundary file, reference guide : |h[electronic resource]|bCensus year 2011 |
| 260 | |aOttawa - Ontario : |bStatistics Canada |cc2013. |
| 300 | |a32p.|bfigs. (some coloured), tables |
| 590 | |a13-06|b2013-02-08 |
| 690 | 07|aBoundaries|2gcpds |
| 710 | 2 |aStatistics Canada. |
| 775 | 08|tFichier des limites des régions de tri d'acheminement, guide de référence : |w(CaOODSP)9.640819 |
| 794 | |tCensus forward sortation area boundary file, reference guide |w(CaOODSP)9.813940 |
| 856 | 40|ahttp://publications.gc.ca|qPDF|s1.43 MB|uhttps://publications.gc.ca/collections/collection_2013/statcan/92-179-g/92-179-g2011001-eng.pdf |